International marketing: Text and Cases (Record no. 314118)

MARC details
000 -LEADER
fixed length control field 00510nam a22001937a 4500
005 - DATE & TIME
control field 20240207093505.0
008 - FIXED-LENGTH DATA ELEMENTS--GENERAL INFORMATION
fixed length control field 240207b |||||||| |||| 00| 0 eng d
020 ## - ISBN
International Standard Book Number 9789353670559
Price Rs. 540.00
040 ## - CATALOGING SOURCE
Original cataloging agency VIVEKANANDA LIBRARY
082 ## - DDC NUMBER
Classification number 658.8
Book Number C424I(16)
100 ## - MAIN ENTRY--PERSONAL NAME
Personal name Cherunilam, Francis
245 ## - TITLE STATEMENT
Title International marketing: Text and Cases
250 ## - EDITION STATEMENT
Edition statement 16th
260 ## - PUBLICATION, DISTRIBUTION, ETC. (IMPRINT)
Place of publication, distribution, etc Mumbai
Name of publisher, distributor, etc Himalaya Publishing House
Date of publication, distribution, etc 2022
300 ## - PHYSICAL DESCRIPTION
Pages 402
650 ## - Subject
Subject Management
650 ## - Subject
Subject International Marketing
942 ## - ADDED ENTRY ELEMENTS (KOHA)
Koha item type Books
Holdings
Withdrawn status Lost status Source of classification or shelving scheme Damaged status Not for loan Location (home branch) Sublocation or collection (holding branch) Shelving location Date acquired Koha issues (times borrowed) Koha full call number Accession No. Koha date last seen Koha item type
    Dewey Decimal Classification     VIVEKANANDA LIBRARY VIVEKANANDA LIBRARY IMSAR Library 07/02/2024   658.8 C424I(16) 420048 07/02/2024 Books
    Dewey Decimal Classification     VIVEKANANDA LIBRARY VIVEKANANDA LIBRARY IMSAR Library 07/02/2024   658.8 C424I(16) 420049 07/02/2024 Books
© Designed and Maintained by Vivekananda Library, MDU Rohtak